000 nam a22 7a 4500
999 _c232912
_d232912
003 Nust
005 20170224155615.0
008 170224b xxu||||| |||| 00| 0 eng d
040 _cDLC
082 _a297.12 KAZ
245 _aA Treasury of Hadith/
_cKazi, M. U.
260 _aLahore :
_bFerozsons,
300 _av, 168p. :
_c22 cm
942 _2ddc
_cBK